Music Quiz

Random Music or Singers Quiz

Buddy Holly, Ritchie Valens, or The Big Bopper? Quiz Stats

 Plays Quiz Updated Feb 3, 2019

Support Sporcle.
Go Orange.
Score 0/30 Timer 03:00
0 Plays Today
Song Title H, V or B? % Correct
Peggy Sue???
70.2%
That'll Be the Day???
69.3%
Oh, Boy!???
62.4%
Maybe Baby???
62.3%
La Bamba???
61.4%
Rave On???
57.7%
It Doesn't Matter Anymore???
56.6%
Chantilly Lace???
56.3%
Heartbeat???
54.4%
Think It Over???
53.3%
Raining in My Heart???
52.7%
Malaguena???
51.4%
Donna???
50.9%
Listen to Me???
47.4%
Preacher and the Bear???
45.2%
Song Title H, V or B? % Correct
Little Red Riding Hood???
44.2%
It's The Truth, Ruth???
44.2%
Old Maid???
41.8%
White Lightning???
40.8%
Pink Petticoats???
40.8%
That's What I'm Talking About???
40.4%
Come On, Let's Go???
39.2%
We Belong Together???
37.6%
Beggar to a King???
35%
Strange Kisses???
32.7%
Little Girl???
31.4%
Framed???
31.1%
Ooh, My Head???
28.5%
Cry, Cry, Cry???
28.1%
That's My Little Suzie???
27.6%

From the Vault

Nine Word Hints for Nine Letter Films

by DarkPhalanx

Movies 3m
At a conversion rate of one word per letter, it's a pretty good deal as far as hints go.
Remove Ads.
Support Sporcle.
Get the best of Sporcle when you Go Orange. This ad-free experience offers more features, more stats, and more fun while also helping to support Sporcle. Thank you for becoming a member.

Show Comments

Extras

Top Quizzes Today


Score Distribution

Your Account Isn't Verified!

In order to create a playlist on Sporcle, you need to verify the email address you used during registration. Go to your Sporcle Settings to finish the process.

Report this User

Report this user for behavior that violates our Community Guidelines.

Details: